Library of the University of Algiers 3
Ibrahim Sultan Cheibout
شعار جامعة الجزائر 3
مكتبة جامعة الجزائر 3
إبراهيم سلطان شيبوط

المدخل الى تمويل التجارة الخارجية / (رقم التسجيلة. 45119)

تفاصيل مارك
000 -LEADER
fixed length control field 01467nam a2200217Ia 4500
003 - CONTROL NUMBER IDENTIFIER
control field Ost
005 - DATE AND TIME OF LATEST TRANSACTION
control field 20260507075617.0
008 - FIXED-LENGTH DATA ELEMENTS--GENERAL INFORMATION
fixed length control field 260507s9999||||xx |||||||||||||| ||und||
020 ## - INTERNATIONAL STANDARD BOOK NUMBER
International Standard Book Number 9789961020265
040 ## - CATALOGING SOURCE
Transcribing agency fsecg
041 ## - LANGUAGE CODE
Language code of text/sound track or separate title ara
082 ## - DEWEY DECIMAL CLASSIFICATION NUMBER
Classification number 382
100 ## - MAIN ENTRY--PERSONAL NAME
Personal name حاجي، فطيمة
Relator term مؤلف
245 #0 - TITLE STATEMENT
Title المدخل الى تمويل التجارة الخارجية /
Statement of responsibility, etc. فطيمة حاجي
260 ## - PUBLICATION, DISTRIBUTION, ETC.
Place of publication, distribution, etc. الجزائر:
Name of publisher, distributor, etc. ديوان المطبوعات الجامعية,
Date of publication, distribution, etc. 2017
300 ## - PHYSICAL DESCRIPTION
Extent 212 صفحة؛
Other physical details إيضاحات ؛
Dimensions 22 سم
504 ## - BIBLIOGRAPHY, ETC. NOTE
Bibliography, etc. note مراجع ص.193 ملاحق ص.205
520 ## - SUMMARY, ETC.
Summary, etc. يدرس هذا الكتاب تمويل التجارة الخارجية، وتحديدا تقنيات وأدوات الدفع المستخدمة في التجارة الدولية، كما يهدف الكتاب كذلك إلى ابراز مواضيع متعلقة بالتجارة الدولية كالضمانات الدولية، وتأمين التجارة الدولية، بالإضافة الى التفاوض التجاري الدولي، خاصة في ظل التحولات الجديدة والتطورات الحالية والمستقبلية للتجارة الدولية ، ويجيب الكتاب أيضا عن بعض الأسئلة من شكيلة: ما المقصود بالتمويل الدولي؟ ما أهمية التجارة الدولية؟
653 ## - INDEX TERM--UNCONTROLLED
Uncontrolled term التجارة الخارجية - تمويل
942 ## - ADDED ENTRY ELEMENTS (KOHA)
Koha item type كتب
المقتنيات
Withdrawn status Lost status Damaged status Not for loan Home library Current library Date acquired Serial enumeration / chronology Inventory number Total checkouts Full call number Barcode Date last seen Price effective from Koha item type Source of classification or shelving scheme
      Available مكتبة كلية العلوم الإقتصادية والعلوم التجارية وعلوم التسيير مكتبة كلية العلوم الإقتصادية والعلوم التجارية وعلوم التسيير 07/05/2026 مكتبة بن عكنون 32162   أ/4692ن10 32162 07/05/2026 07/05/2026 كتب  
      Available مكتبة كلية العلوم الإقتصادية والعلوم التجارية وعلوم التسيير مكتبة كلية العلوم الإقتصادية والعلوم التجارية وعلوم التسيير 07/05/2026 الطابق الأرضي 32155   أ/4692ن3 32155 07/05/2026 07/05/2026 كتب Dewey Decimal Classification
      Available مكتبة كلية العلوم الإقتصادية والعلوم التجارية وعلوم التسيير مكتبة كلية العلوم الإقتصادية والعلوم التجارية وعلوم التسيير 07/05/2026 الطابق الأرضي 32156   أ/4692ن4 32156 07/05/2026 07/05/2026 كتب Dewey Decimal Classification
      Available مكتبة كلية العلوم الإقتصادية والعلوم التجارية وعلوم التسيير مكتبة كلية العلوم الإقتصادية والعلوم التجارية وعلوم التسيير 07/05/2026 الطابق الأرضي 32157   أ/4692ن5 32157 07/05/2026 07/05/2026 كتب Dewey Decimal Classification
      Available مكتبة كلية العلوم الإقتصادية والعلوم التجارية وعلوم التسيير مكتبة كلية العلوم الإقتصادية والعلوم التجارية وعلوم التسيير 07/05/2026 الطابق الثاني 32158   أ/4692ن6 32158 07/05/2026 07/05/2026 كتب Dewey Decimal Classification
      Available مكتبة كلية العلوم الإقتصادية والعلوم التجارية وعلوم التسيير مكتبة كلية العلوم الإقتصادية والعلوم التجارية وعلوم التسيير 07/05/2026 الطابق الثاني 32159   أ/4692ن7 32159 07/05/2026 07/05/2026 كتب Dewey Decimal Classification
      Available مكتبة كلية العلوم الإقتصادية والعلوم التجارية وعلوم التسيير مكتبة كلية العلوم الإقتصادية والعلوم التجارية وعلوم التسيير 07/05/2026 الطابق الثاني 32160   أ/4692ن8 32160 07/05/2026 07/05/2026 كتب Dewey Decimal Classification
      Available مكتبة كلية العلوم الإقتصادية والعلوم التجارية وعلوم التسيير مكتبة كلية العلوم الإقتصادية والعلوم التجارية وعلوم التسيير 07/05/2026 مكتبة بن عكنون 32161   أ/4692ن9 32161 07/05/2026 07/05/2026 كتب Dewey Decimal Classification

موارد الويب المفتوحة


© University of Algiers 3 All Rights Reserved
|
Implemented by LECHELAH Riad